000 00274nam a2200121Ia 4500
008 190216s9999||||xx |||||||||||||| ||und||
100 _aMenon K N
245 0 _aMalsya Krishi
260 _bKerala Bhasha Institute
_c1970
300 _a123p
650 _aZoology
942 _cBK
999 _c37536
_d37536